ZKM Gdynia - 109 - Statystyki

Ogólne statystyki
  • Ten quiz został rozwiązany 31 razy
    21 od ostatniego zresetowania
  • Średni wynik to 20 z 26
Statystyki odpowiedzi
Przystanek Ulica % Poprawnych
3 Maja 10 Lutego
94%
Cechowa Unruga
94%
Hutnicza - Estakada Estakada Kwiatkowskiego
94%
Morska - Estakada Estakada Kwiatkowskiego
94%
Obłuże Centrum Estakada Kwiatkowskiego
94%
Babie Doły Ikara
88%
Redłowo SKM Stryjska
88%
Uniwersytet Morski Morska
88%
Armii Krajowej Władysława IV
81%
Bosmańska - Nasypowa Bosmańska
81%
Bosmańska - Zielona Zielona
81%
Bpa Okoniewskiego Morska
81%
Centrum Handlowe "Riviera" Kazimierza Górskiego
81%
Kalksztajnów Morska
81%
Mireckiego Morska
81%
Dąbka - Zielona Zielona
75%
Gdynia Dworzec Gł. PKP - Morska Morska
69%
Kilińskiego Władysława IV
69%
Łużycka Łużycka
69%
Stocznia SKM - Morska Morska
69%
Gdynia Arena Kazimierza Górskiego
63%
Zielona - Działki I Zielona
63%
Zielona - Działki II Zielona
63%
Zielona - Kościół Zielona
63%
Wąwóz Ostrowicki Zielona
56%
Wzgórze Św. Maksymiliana SKM Władysława IV
50%
Nie znaleziono quizów pasujących do podanych kryteriów
Rozkład punktacji
Procent ludzi z każdym wynikiem
Percentyl według liczby udzielonych odpowiedzi
Twoja historia wyników
Nie rozwiązałeś tego quizu od ostatniego zresetowania